| 000 | 01246nam a2200337 i 4500 | ||
|---|---|---|---|
| 001 | 197976 | ||
| 003 | ES-MaACL | ||
| 005 | 20260222063015.0 | ||
| 007 | ta | ||
| 008 | 251124s2025 sp a ||||| 001 1 spa d | ||
| 017 |
_aSG 87-2025 _bOficina Depósito Legal Segovia |
||
| 020 | _a978-84-125130-2-8 | ||
| 040 |
_aES-MaACL _bspa _cES-MaACL _erda |
||
| 080 | _a821.134.2-31"19" | ||
| 100 | 1 |
_aMuñoz, Adolfo _9242534 _4aut _eaut |
|
| 245 | 1 | 3 |
_aLa rectificación / _cAdolfo Muñoz |
| 250 | _a1ª edición, Segovia, junio 2025 | ||
| 264 | 1 |
_aSegovia : _bIsla del náufrago, _c2025 |
|
| 300 |
_a399 páginas : _bilustraciones ; _c21 cm |
||
| 336 |
_atexto _2rdacontent |
||
| 337 |
_asin mediación _2rdamedia |
||
| 338 |
_avolumen _2rdacarrier |
||
| 500 | _aEjemplar firmado y dedicado por el autor | ||
| 500 | _aÍndice | ||
| 655 | 4 |
_9226781 _aNovelas de guerra |
|
| 852 |
_aES-MaACL _cDEPO1 _jA-15958 _gDedicatoria autógrafa de autor _hDonación: Adolfo Muñoz _xEncuadernación rústica con solapas _9207090 |
||
| 942 |
_cMONOGRAFIA _n0 |
||
| 999 |
_c197976 _d197976 |
||